| 000 | 00569nam a2200217 a 4500 | ||
|---|---|---|---|
| 005 | 20210223123943.0 | ||
| 008 | 991125n 000 0 u | ||
| 035 | _aUPN01000085325 | ||
| 100 | 1 |
_aKirsch, Irwin S. _941192 |
|
| 222 | _aJOURNAL OF READING | ||
| 245 | _aLearning from exposition | ||
| 300 | _a490-497 | ||
| 362 | _a35, No. 6, 1992 | ||
| 505 | _aJunio 1992 | ||
| 653 | 0 | _aESTRATEGIAS DE APRENDIZAJE | |
| 653 | 0 | _aLECTURA DEL AREA DEL CONTENIDO | |
| 653 | 0 | _aMODELOS | |
| 700 | _aMosenthal, Peter B. | ||
| 904 |
_aAC _b023136 |
||
| 905 | _aArticulo | ||
| 999 |
_c71829 _d71829 |
||